Statistics for Redundant Phrases

Click here to take the quiz!

General Stats

  • This quiz has been taken 80 times
  • The average score is 13 of 20

Answer Stats

Phrase% Correct
at the present t{ime}
100%
forever and e{ver}
97%
9:00pm in the e{vening}
94%
ask a q{uestion}
94%
postpone until l{ater}
90%
revert b{ack}
90%
f{ree} gift
84%
written d{own}
81%
e{nd} result
80%
i{nvited} guests
74%
u{nexpected} surprise
68%
m{ajor} breakthrough
55%
possibly m{ight}
54%
a{bsolutely} certain
52%
filled to c{apacity}
46%
d{ifficult} dilemma
42%
spell out in d{etail}
35%
say v{erbally}
33%
s{uddenly} exploded
28%
d{efinite} decision
17%

Score Distribution

Percentile by Number Answered

Percent of People with Each Score

Your Score History

You have not taken this quiz